University Home | Library Home | Institutional Repository

Inshila Imo Iye Pusukilo Mutubungwe twa Ba Al-Anon family Groups/ (Record no. 114548)

MARC details
000 -LEADER
fixed length control field 00483cas a2200157 4500
008 - FIXED-LENGTH DATA ELEMENTS--GENERAL INFORMATION
fixed length control field 100929n eng u
020 ## - INTERNATIONAL STANDARD BOOK NUMBER
International Standard Book Number
035 ## - SYSTEM CONTROL NUMBER
System control number (Sirsi) a171544
050 ## - LIBRARY OF CONGRESS CALL NUMBER
Classification number ZAMB HV5276:
Item number GAM [2008]
100 1# - MAIN ENTRY--PERSONAL NAME
Personal name Gamache, Joseph
245 ## - TITLE STATEMENT
Title Inshila Imo Iye Pusukilo Mutubungwe twa Ba Al-Anon family Groups/
Statement of responsibility, etc. Joseph Gamache
260 ## - PUBLICATION, DISTRIBUTION, ETC.
Place of publication, distribution, etc. Quebec:
Name of publisher, distributor, etc. Joseph Gamache,
Date of publication, distribution, etc. [2008]
300 ## - PHYSICAL DESCRIPTION
Extent ix,192p.:
Other physical details ill.
650 ## - SUBJECT ADDED ENTRY--TOPICAL TERM
Topical term or geographic name entry element Alcoholism
650 ## - SUBJECT ADDED ENTRY--TOPICAL TERM
Topical term or geographic name entry element Alcoholism---Social Aspects
Holdings
Withdrawn status Lost status Source of classification or shelving scheme Damaged status Not for loan Home library Current library Shelving location Cost, normal purchase price Total Checkouts Full call number Barcode Date last seen Copy number Price effective from Koha item type
    Library of Congress Classification     Main Library Main Library Special collections 0.00   ZAMB HV5276 GAM 2008 33729005108977 08/21/2019 1 08/21/2019 Book
    Library of Congress Classification     Main Library Main Library Special collections 0.00   ZAMB HV5276 GAM 2008 33729005108985 08/21/2019 2 08/21/2019 Book
© 2026 - The University of Zambia Library - Koha v25.11